Quản lý công tác thực tập Sư phạm cuối khóa của sinh viên trường Đại học Ngoại ngữ - Đại học Đà Nẵng
Cơ sở lý luận của vấn đề QLTTS cuối khóa của SV ngành SP. Thực trạng công tác TTSP cuối khóa của SV trường. Các biện pháp quản lý công tác thực tập Sư phạm cuối khóa của SV trường ĐHNN - ĐHĐN
Đã lưu trong:
| Tác giả chính: | |
|---|---|
| Tác giả khác: | |
| Định dạng: | Sách |
| Ngôn ngữ: | Vietnamese |
| Được phát hành: |
Đà Nẵng
Đại học Đà Nẵng
2010
|
| Những chủ đề: | |
| Các nhãn: |
Thêm thẻ
Không có thẻ, Là người đầu tiên thẻ bản ghi này!
|
| Thư viện lưu trữ: | Mạng thư viện Đại học Đà Nẵng |
|---|
| LEADER | 01720nam a2200349 4500 | ||
|---|---|---|---|
| 001 | 000010801 | ||
| 003 | 7020 | ||
| 005 | 20111221101254.0 | ||
| 008 | 111221s2010 viesd | ||
| 041 | |a vie | ||
| 072 | |a Luận văn Thạc sĩ khoa học giáo dục | ||
| 082 | |a 378.19 |b TR-C | ||
| 100 | 1 | |a Trần Thị Kim Chung | |
| 245 | 1 | |a Quản lý công tác thực tập Sư phạm cuối khóa của sinh viên trường Đại học Ngoại ngữ - Đại học Đà Nẵng |c Trần Thị Kim Chung | |
| 260 | |a Đà Nẵng |b Đại học Đà Nẵng |c 2010 | ||
| 300 | |a 102 tr. |c 29 cm |e 1 tóm tắt | ||
| 500 | |a Luận văn Thạc sĩ Khoa học giáo dục. Chuyên ngành: Quản lý giáo dục. Mã số: 60.14.05 | ||
| 520 | |a Cơ sở lý luận của vấn đề QLTTS cuối khóa của SV ngành SP. Thực trạng công tác TTSP cuối khóa của SV trường. Các biện pháp quản lý công tác thực tập Sư phạm cuối khóa của SV trường ĐHNN - ĐHĐN | ||
| 653 | |a Quản lý công tác thực tập sư phạm cuối khóa | ||
| 653 | |a Luận văn Thạc sĩ Khoa học giáo dục | ||
| 653 | |a Đại học Ngoại ngữ - ĐHĐN | ||
| 700 | 1 | |a Đặng Quốc Bảo |c PGS.TS |e Hướng dẫn | |
| OWN | |a LSP | ||
| AVA | |a UDN50 |b LSP |d 378.19 TR-C |e available |t Error 5001 Not defined in file expand_doc_bib_avail. |f 1 |g 0 |h N |i 0 |k 1 | ||
| 999 | |a From the UDN01 | ||
| AVA | |a UDN50 |b LSP |d 378.19 TR-C |e available |t Error 5001 Not defined in file expand_doc_bib_avail. |f 1 |g 0 |h N |i 0 |k 1 | ||
| TYP | |a Monograph | ||
| TYP | |a Printed language | ||
| 980 | |a Mạng thư viện Đại học Đà Nẵng | ||